=LDR 00000nam 2200000 4500 =001 INLIS000000000006296 =005 20130612094438 =008 ***********************************Ind** =035 ##$$0010-061300000006296 =041 ##$$a Ind =082 ##$$a 200 =090 ##$$a 200, Sch m =100 ##$$a SCHNON, Fritigof =245 ##$$a Mencari titik temu agama-agama, Frithigof Schnon. -- =260 ##$$a 1987 $b Jakarta =300 ##$$a xxxvi, 168, 19 cm =650 ##$$a Agama =850 ##$$a NBPNMAT =990 ##$$a 0001/BPAP-NTB/2015 =990 ##$$a 0001/BPAP-NTB/2016